| 000 | 00479nam a22001817a 4500 | ||
|---|---|---|---|
| 003 | OSt | ||
| 005 | 20140310182310.0 | ||
| 008 | 130918t xxu||||| |||| 00| 0 eng d | ||
| 020 | _a9789710411733 | ||
| 050 |
_aZ 253 _b.L477 2008 |
||
| 082 |
_aHS 004.02 _bL46 2008 |
||
| 245 |
_aDesktop publishing / _cGabriela Lee |
||
| 260 |
_aDiliman, Quezon City : _bTechFactors Inc., _c2008. |
||
| 300 |
_avi, 110 p. : _c26 cm. |
||
| 541 | _j1 | ||
| 562 | _e1 | ||
| 942 |
_2lcc _cHS _kHS |
||
| 999 |
_c11672 _d11672 |
||